000 00971nam a22002417a 4500
005 20240305165613.0
007 cr|||| ||||
008 210820s2021 ca |||||s|||| 00||0 eng d
020 _a978-1- 55221-625-5
035 _a35195
040 _avLex
090 _c12100
_d12100
100 1 _aChambers, Robert
245 1 3 _a The Law of Property
_h[Recurso electrónico] /
_cRobert Chambers
256 _aServicio en línea
260 _aToronto:
_bIrwin Law Inc.,
_c2021
300 _a1 recurso electrónico
506 1 _aDisponible solo en los productos indicados
_dvLex Global
_dvLex Global (Academic Edition, excluding Law Schools)
_dvLex Global (U.S. Academic Edition, Law Schools)
_dvLex Global (U.S. Academic Edition, excluding Law Schools)
_dvLex Global (Academic Edition, Law Schools)
650 0 4 _aDerecho Mercantil y de la Empresa
_zCanadá
740 0 _avLex Libros (Servicio en línea)
856 4 0 _uhttps://app.vlex.com/#/sources/35195
942 _cRAA
999 _c170336
_d170336